000 00401nam a2200157Ia 4500
003 GCL
008 140319s9999 xx 000 0 ara d
040 _aGCL /
_cGCL
082 0 4 _a210.92
_bم ا
100 1 _aمصطفى عبدالرازق
245 1 0 _aالامام الشافعى /
_cمصطفى عبدالرازق
300 _a128 ص
490 _a
650 0 4 _aالاسلام
942 _2ddc
_cBK
999 _c38398
_d38398